[Event "XXV OOM - Mistrzostwa Polski Juniorow Mlodszych - Dziewczeta do lat 12"]
[Site "Sielpia"]
[Date "1899-12-30"]
[Round "4.7"]
[White "Mazurek, Maja"]
[Black "Janikowska, Wiktoria"]
[Result "1-0"]
[WhiteTitle "I"]
[BlackTitle "I"]
[WhiteElo "1283"]
[BlackElo "1393"]

1. d4 Nf6 2. c4 g6 3. Nc3 Bg7 4. e4 d6 5. Be2 O-O 6. Bg5 Nbd7 7. h4 c5 8. d5 Qa5
9. f3 h6 10. Be3 Nb6 11. a3 Nh5 12. Bd2 Nd7 13. Kf2 Bd4+ 14. Ke1 Kh7 15. Nb5 Qb6
16. Nxd4 cxd4 17. Qc1 Ng3 18. Rh2 Nxe2 19. Kxe2 Nc5 20. Bxh6 Rh8 21. Rb1 Nb3 22.
Qf4 d3+ 23. Kf1 f6 24. Qe3 Qa6 25. Qxd3 Nc5 26. Qe3 Qxc4+ 27. Ne2 Qc2 28. Qc1
Qd3 29. Bf4 Nb3 30. Qd1 Qc4 31. Be3 Bd7 32. Kf2 Bb5 33. Rh1 b6 34. Nc3 Ba6 35.
Qe2 Qc8 36. Qd1 Qc4 37. Qe2 Qc8 38. Qc2 Nc5 39. Rbd1 Qc7 40. Bxc5 Qxc5+ 41. Kg3
Rac8 42. Qf2 Qc7 43. Qd2 Kg7 44. Rc1 Qd7 45. Qd4 Rc4 46. Qd3 Qb7 47. Qd2 b5 48.
b3 Rc7 49. Qd4 Qc8 50. Qd2 Rh5 51. b4 Qh8 52. Ne2 Rc8 53. Nf4 Rh7 54. Ne6+ Kf7
55. Qf4 Rxc1 56. Rxc1 Bc8 57. Ng5+ Kg7 58. Nxh7 Kxh7 59. Rc7 Qd8 60. Rxa7 Kg7
61. Qc1 Kf7 62. Ra8 g5 63. Qxc8 gxh4+ 64. Kxh4 Qxc8 65. Rxc8 e6 66. Rc7+ 1-0

[Event "XXV OOM - Mistrzostwa Polski Juniorow Mlodszych - Dziewczeta do lat 12"]
[Site "Sielpia"]
[Date "1899-12-30"]
[Round "4.8"]
[White "Slusarczyk, Anna"]
[Black "Ziobrowska, Maja"]
[Result "0-1"]
[WhiteTitle "I"]
[BlackTitle "II+"]
[WhiteElo "1347"]
[BlackElo "1134"]

1. e4 e5 2. Nf3 Nc6 3. Bb5 Nge7 4. O-O g6 5. c3 Bg7 6. d4 exd4 7. cxd4 a6 8. Bc4
d5 9. exd5 Nxd5 10. Re1+ Be6 11. Ng5 Nxd4 12. Nc3 O-O 13. Nxe6 fxe6 14. Bxd5 exd5
15. Be3 Nf5 16. Qxd5+ Qxd5 17. Nxd5 Nxe3 18. Nxe3 Bxb2 19. Rab1 Bc3 20. Rec1 Be5
21. Rxb7 Rfb8 22. Rcb1 c5 23. Ng4 Rxb7 24. Rxb7 Rd8 25. g3 Rd1+ 26. Kg2 Bc3 27.
Ra7 a5 28. Rc7 Bb4 29. Nf6+ Kf8 30. Nd7+ Ke8 31. Nxc5 Rc1 32. Ne6 Rxc7 33. Nxc7+
Kd7 34. Nd5 Ba3 35. Kf3 Kd6 36. Nc3 Kc5 37. Ke3 Kc4 38. Kd2 Bb4 39. f4 Bxc3+ 40.
Kc2 Bb4 41. g4 Kd4 42. h4 Ke4 43. f5 gxf5 44. gxf5 Kxf5 0-1

[Event "XXV OOM - Mistrzostwa Polski Juniorow Mlodszych - Dziewczeta do lat 12"]
[Site "Sielpia"]
[Date "1899-12-30"]
[Round "4.9"]
[White "Pastuszko, Katarzyna"]
[Black "Niedorys, Karolina"]
[Result "0-1"]
[WhiteTitle "I"]
[BlackTitle "II"]
[WhiteElo "1288"]
[BlackElo "1129"]

1. e4 c6 2. d4 d5 3. exd5 cxd5 4. Bd3 Nc6 5. c3 Nf6 6. h3 Qc7 7. Nf3 h6 8. O-O
e6 9. Re1 Bd6 10. Qe2 O-O 11. Be3 Re8 12. Nbd2 e5 13. dxe5 Nxe5 14. Nxe5 Bxe5
15. Nf3 Bd7 16. Qd2 Bd6 17. Rac1 Ne4 18. Bxe4 dxe4 19. Nd4 f5 20. Qc2 f4 21. Bd2
Bc6 22. Qb3+ Qf7 23. Qc2 Qd5 24. Qb3 Qxb3 25. axb3 Kh7 26. Nxc6 bxc6 27. Ra1 f3
28. gxf3 exf3 29. Rxe8 Rxe8 30. Rxa7 Re2 31. Kf1 Rxd2 32. Ke1 Re2+ 33. Kf1 Rxb2
34. Ke1 Re2+ 35. Kf1 Rxf2+ 36. Kxf2 Bc5+ 37. Kxf3 Bxa7 38. Kf4 Bg1 39. Kf5 c5
40. h4 g6+ 41. Kg4 h5+ 42. Kg5 Kg7 43. Kf4 Bf2 44. Kg5 Be3# 0-1

[Event "XXV OOM - Mistrzostwa Polski Juniorow Mlodszych - Dziewczeta do lat 12"]
[Site "Sielpia"]
[Date "1899-12-30"]
[Round "4.10"]
[White "Salamon, Julia"]
[Black "Sprzeczka, Emilia"]
[Result "1-0"]
[WhiteTitle "I"]
[BlackTitle "II+"]
[WhiteElo "1287"]
[BlackElo "1109"]

1. d4 d5 2. Nf3 Bf5 3. e3 Nc6 4. a3 Nf6 5. c4 e6 6. Nc3 Be7 7. Be2 dxc4 8. Bxc4
O-O 9. O-O a6 10. Re1 Bg4 11. h3 Bh5 12. Bd3 e5 13. d5 Na7 14. e4 c6 15. Be3 cxd5
16. exd5 Bd6 17. Rc1 Re8 18. Bg5 Kh8 19. Ne4 Rg8 20. Ng3 Bxf3 21. Qxf3 Rc8 22.
Qf5 Qd7 23. Bxf6 Qxf5 24. Nxf5 gxf6 25. Nxd6 Rb8 26. Rc7 Rgf8 27. Nxf7+ Kg7 28.
Nxe5+ Kh8 29. Rxh7+ Kg8 30. Re3 1-0

[Event "XXV OOM - Mistrzostwa Polski Juniorow Mlodszych - Dziewczeta do lat 12"]
[Site "Sielpia"]
[Date "1899-12-30"]
[Round "4.12"]
[White "Tokarz, Izabela"]
[Black "Filipiak, Magdalena"]
[Result "1-0"]
[WhiteTitle "I"]
[BlackTitle "I"]
[WhiteElo "1390"]
[BlackElo "1181"]

1. d4 d5 2. c4 e6 3. Nc3 Nf6 4. cxd5 exd5 5. Bg5 c6 6. Qc2 Nbd7 7. e3 Qa5 8. Bd3
Bb4 9. Nge2 O-O 10. O-O Bd6 11. Rab1 Re8 12. Bh4 Ng4 13. Bxh7+ Kh8 14. h3 Ngf6
15. Bd3 c5 16. dxc5 Bxc5 17. a3 a6 18. b4 Qxa3 19. bxc5 Qxc5 20. Nd4 Qd6 21. Bg3
Qe7 22. Nf5 Qe6 23. Nd6 Re7 24. Bf5 Qxf5 25. Qxf5 1-0

[Event "XXV OOM - Mistrzostwa Polski Juniorow Mlodszych - Dziewczeta do lat 12"]
[Site "Sielpia"]
[Date "1899-12-30"]
[Round "4.13"]
[White "Gladyszewska, Kinga"]
[Black "Romejko, Jagoda"]
[Result "1/2-1/2"]
[WhiteTitle "I"]
[BlackTitle "II+"]
[WhiteElo "1261"]
[BlackElo "1173"]

1. d4 d5 2. c4 dxc4 3. e3 e6 4. Bxc4 c5 5. Nf3 a6 6. a4 Nf6 7. Nc3 Be7 8. O-O O-O
9. b3 b6 10. d5 exd5 11. Nxd5 Bb7 12. Nxe7+ Qxe7 13. Bb2 Nc6 14. Qc2 Nb4 15. Qe2
Rad8 16. Rfd1 Rfe8 17. Ng5 Nfd5 18. Qg4 f6 19. Nf3 Kh8 20. Nh4 Qe4 21. Qg3 Qc2
22. Rab1 Nc3 23. Ng6+ Qxg6 24. Qxg6 hxg6 25. Bxc3 Na2 26. Ba1 Kh7 27. h3 Kh6 28.
Kh2 a5 29. Bb2 Be4 30. Ra1 Nb4 31. Bc3 Nc2 32. Rac1 Nb4 33. Ra1 Bc2 34. Rdc1 Be4
35. f3 Bb7 36. e4 Ba6 37. Bxb4 Bxc4 38. Bxc5 Bxb3 39. Bxb6 Ra8 40. Rc5 Re5 41.
Rxe5 fxe5 42. Bc7 g5 43. Bxe5 Kg6 44. Kg3 Bc2 45. Bc7 Ra7 46. Bb6 Ra6 47. Bd8
Ra8 48. Bb6 Ra6 49. Be3 Rf6 50. Bd2 Ra6 51. Bc3 Ra8 52. Bd2 Ra6 53. h4 gxh4+ 54.
Kxh4 Kf6 55. Bc3+ Kf7 56. Kg3 g6 57. Kf4 Ke6 58. Ke3 Ra8 59. Ra3 Rb8 60. Bxa5
Rb3+ 61. Rxb3 Bxb3 62. Bc3 Bxa4 63. Kd4 Bb5 64. g3 Be2 65. f4 Ba6 66. Bd2 Bb7
67. g4 Bc6 68. f5+ gxf5 69. gxf5+ Kf6 70. Bc3 Bd7 71. Kd5+ Ke7 72. Ke5 Bc6 73.
f6+ Kf7 74. Kf5 Bd7+ 75. Kg5 Be6 76. Kf4 Bc4 77. e5 Be6 78. Ke4 Bc4 79. Kd4 Bb3
80. Kc5 Ba2 81. Kd6 Bb3 82. Bd4 Bc4 83. Bb2 Bb3 84. Kd7 Be6+ 85. Kd6 Bf5 86. Kd5
Be6+ 87. Kd6 Bf5 88. Bd4 Be6 89. Bb6 Bf5 90. Bd8 Be6 91. Ba5 Bf5 92. Bc3 Be6 93.
Bd2 Bf5 1/2-1/2

[Event "XXV OOM - Mistrzostwa Polski Juniorow Mlodszych - Dziewczeta do lat 12"]
[Site "Sielpia"]
[Date "1899-12-30"]
[Round "4.14"]
[White "Jedrzejewska, Zuzanna"]
[Black "Sliwicka, Weronika"]
[Result "0-1"]
[WhiteTitle "I"]
[BlackTitle "I"]
[WhiteElo "1236"]
[BlackElo "1161"]

1. e4 c5 2. Nf3 e6 3. d4 cxd4 4. Nxd4 Nf6 5. Bd3 Nc6 6. Nxc6 bxc6 7. e5 Qa5+ 8.
Nc3 Qxe5+ 9. Be2 Bb4 10. Bd2 Ne4 11. Nxe4 Qxe4 12. O-O Bxd2 13. Qxd2 O-O 14. Bd3
Qd5 15. c4 Qc5 16. Rfe1 g6 17. Re3 Qg5 18. Qe2 Rb8 19. b3 Ba6 20. Rd1 d5 21. Rg3
Qf6 22. Rg4 dxc4 23. Bxc4 Bxc4 24. Rxc4 Rbc8 25. Rdc1 Rfd8 26. h3 Rd6 27. Qe3
Ra8 28. Ra4 Qb2 29. Qc3 Rd1+ 30. Kh2 Qxc1 31. Qf3 Rh1+ 32. Kg3 Qg5+ 33. Rg4 Qe5+
34. Qf4 Qxf4+ 35. Rxf4 Rd8 36. Rf3 Rhd1 37. a4 R1d3 38. a5 Rxf3+ 39. gxf3 Rb8
40. Kf4 Rxb3 41. Ke4 c5 42. a6 c4 43. Kd4 c3 44. Kd3 c2+ 45. Kxc2 Rxf3 46. Kd2
Rxf2+ 47. Ke3 Rh2 48. Kd4 Rxh3 49. Kc5 Ra3 50. Kb5 h5 51. Kc4 h4 52. Kb4 Rxa6
53. Kc3 h3 54. Kd2 h2 55. Kd3 Ra4 56. Kc3 h1=Q 57. Kd3 Qh3+ 58. Kc2 Ra2+ 59. Kb1
Qb3+ 60. Kc1 Qc2# 0-1

[Event "XXV OOM - Mistrzostwa Polski Juniorow Mlodszych - Dziewczeta do lat 12"]
[Site "Sielpia"]
[Date "1899-12-30"]
[Round "4.15"]
[White "Staniewicz, Adrianna"]
[Black "Szewczuk, Aleksandra"]
[Result "1/2-1/2"]
[WhiteTitle "WCM"]
[BlackTitle "II+"]
[WhiteElo "1086"]
[BlackElo "1196"]

1. e4 c6 2. d4 d5 3. Nc3 dxe4 4. Nxe4 Bf5 5. Ng3 Bg6 6. h4 h6 7. Nf3 Nd7 8. h5
Bh7 9. Bd3 Bxd3 10. Qxd3 e6 11. Bf4 Qa5+ 12. c3 Ngf6 13. Ne5 Be7 14. Nc4 Qd5 15.
Ne3 Qa5 16. Nc4 Qd5 17. Ne3 Qa5 18. Nc4 Qd5 1/2-1/2

[Event "XXV OOM - Mistrzostwa Polski Juniorow Mlodszych - Dziewczeta do lat 12"]
[Site "Sielpia"]
[Date "1899-12-30"]
[Round "4.16"]
[White "Nieckarz, Maja"]
[Black "Reszka, Barbara"]
[Result "1-0"]
[WhiteTitle "I"]
[BlackTitle "II"]
[WhiteElo "1248"]
[BlackElo "1157"]

1. d4 d5 2. Nc3 e6 3. e4 Be7 4. exd5 exd5 5. Bd3 Nf6 6. Nge2 O-O 7. O-O c6 8. Ng3
Re8 9. Nce2 Nbd7 10. Nf4 Bd6 11. Nfh5 Nxh5 12. Qxh5 Nf6 13. Qh4 g6 14. Bg5 Be7
15. Rae1 Be6 16. f4 Kg7 17. f5 Bd7 18. fxg6 fxg6 19. Rxe7+ Rxe7 20. Bxf6+ Kg8
21. Bxe7 Qc7 22. Qh6 Be6 23. Rf8+ Rxf8 24. Qxf8# 1-0

[Event "XXV OOM - Mistrzostwa Polski Juniorow Mlodszych - Dziewczeta do lat 12"]
[Site "Sielpia"]
[Date "1899-12-30"]
[Round "4.17"]
[White "Palejko, Maria"]
[Black "Zapalowska, Wiktoria"]
[Result "1-0"]
[WhiteTitle "I"]
[BlackTitle "II"]
[WhiteElo "1238"]
[BlackElo "1102"]

1. e4 c5 2. Nf3 e6 3. d4 cxd4 4. Nxd4 Nc6 5. Nxc6 bxc6 6. Bd3 Nf6 7. Bg5 Be7 8.
Nc3 h6 9. Bh4 O-O 10. Qf3 d6 11. O-O e5 12. h3 Be6 13. Rad1 Rb8 14. b3 Nd7 15.
Bxe7 Qxe7 16. Ne2 Qf6 17. Qe3 Qg6 18. f4 exf4 19. Nxf4 Qg5 20. Qd2 Ne5 21. Be2
a5 22. Nxe6 fxe6 23. Qxg5 hxg5 24. Rxd6 Rxf1+ 25. Bxf1 Kf7 26. Be2 Ke7 27. Rd1
Rc8 28. Kf2 c5 29. Ke3 Rc7 30. Kd2 Rc8 31. Kc3 Rf8 32. Rf1 Rd8 33. Kb2 Rc8 34.
Ka3 c4 35. Ka4 c3 36. Kxa5 Nc6+ 37. Kb6 Nd4 38. Bd3 Rc6+ 39. Ka5 Rc8 40. Kb4 Nc6+
41. Kxc3 Ne5+ 42. Kb2 Kd6 43. a4 Kc5 44. Ra1 Kb6 45. a5+ Ka7 46. a6 g6 47. Ra5
Nc6 48. Rxg5 e5 49. Rxg6 Nb4 50. Re6 Rc7 51. Rxe5 Nxa6 52. Ra5 Rc6 53. Rxa6+ Rxa6
54. Bxa6 Kxa6 55. h4 Kb6 56. h5 Kb7 57. h6 Ka7 58. h7 Ka6 59. h8=Q Ka7 60. Qc8
Kb6 61. Kc3 Ka7 62. Kd4 Kb6 63. Kd5 Ka7 64. Kd6 Kb6 65. Qb8+ Ka6 66. Kc5 Ka5 67.
Qb5# 1-0

[Event "XXV OOM - Mistrzostwa Polski Juniorow Mlodszych - Dziewczeta do lat 12"]
[Site "Sielpia"]
[Date "1899-12-30"]
[Round "4.18"]
[White "Grembocka, Zuzanna"]
[Black "Lewicka, Joanna"]
[Result "1-0"]
[WhiteTitle "II"]
[BlackTitle "II+"]
[WhiteElo "1052"]
[BlackElo "1189"]

1. d4 d5 2. b3 Nf6 3. Bb2 e6 4. Nf3 Bd6 5. e3 O-O 6. c4 b6 7. Bd3 c5 8. Qc2 Nbd7
9. Rg1 h6 10. g4 Bb7 11. g5 hxg5 12. Nxg5 g6 13. Bxg6 Kh8 14. dxc5 Bxc5 15. Bxf7
Bb4+ 16. Kf1 e5 17. Qg6 Qe7 18. Qh6+ Nh7 19. Qxh7# 1-0

[Event "XXV OOM - Mistrzostwa Polski Juniorow Mlodszych - Dziewczeta do lat 12"]
[Site "Sielpia"]
[Date "1899-12-30"]
[Round "4.19"]
[White "Banasiak, Adrianna"]
[Black "Rojek, Paulina"]
[Result "0-1"]
[WhiteTitle "II+"]
[BlackTitle "I"]
[WhiteElo "1187"]
[BlackElo "1054"]

1. d4 d5 2. c4 e6 3. Nc3 Nf6 4. Bg5 Nbd7 5. cxd5 exd5 6. e3 Be7 7. Nf3 c6 8. Bd3
b6 9. Rc1 Bb7 10. Qc2 Rc8 11. O-O O-O 12. Bxf6 Nxf6 13. Ne5 c5 14. Bf5 Ra8 15.
b3 g6 16. Bd3 Rc8 17. Qe2 Re8 18. Bb5 Rf8 19. Rfe1 cxd4 20. exd4 Bb4 21. Qf3 Ne4
22. Nd7 Rxc3 23. Rxc3 Nxc3 24. Nxf8 Nxb5 25. Rd1 Qxf8 26. a4 Nd6 27. Rc1 Nf5 28.
Rc7 Qb8 29. Rd7 Qc8 30. Rd8+ Qxd8 31. Qd3 Qf6 32. Qb5 Nxd4 33. Qxb4 Nc6 34. Qe1
Qe7 35. Qd2 Qe5 36. h3 d4 37. b4 a5 38. bxa5 Nxa5 39. Qd1 0-1

[Event "XXV OOM - Mistrzostwa Polski Juniorow Mlodszych - Dziewczeta do lat 12"]
[Site "Sielpia"]
[Date "1899-12-30"]
[Round "4.20"]
[White "Predkiewicz, Paulina"]
[Black "Pniewska, Beata"]
[Result "1/2-1/2"]
[WhiteTitle "II+"]
[BlackTitle "I"]
[WhiteElo "1056"]
[BlackElo "1176"]

1. e4 c5 2. Nf3 g6 3. d4 cxd4 4. Nxd4 Nc6 5. f4 Bg7 6. Be3 Qb6 7. e5 Qxb2 8. Nb3
Bxe5 9. fxe5 Qxe5 10. Qd2 a5 11. Nc3 Nf6 12. Be2 Ne4 13. Nxe4 Qxe4 14. O-O O-O
15. Bf3 Qe6 16. Rae1 Ne5 17. Bh6 Nxf3+ 18. Rxf3 Qb6+ 19. Kh1 Re8 20. Qf4 f5 21.
Qg5 Qb4 22. c3 Qg4 23. Rxe7 Qxg5 24. Bxg5 Rxe7 25. Bxe7 b6 26. Rd3 b5 27. Rd5
b4 28. Nxa5 bxc3 29. Rc5 Kf7 30. Bg5 c2 31. Rxc2 Rxa5 32. Rxc8 Rxa2 33. h3 d5
34. Rd8 Ke6 35. Kg1 Ke5 36. Kf1 d4 37. g3 Ke4 38. Ke1 Kd3 39. Bf6 Ra4 40. Rd7
Ke3 41. Kd1 Kd3 42. Ke1 Ke3 43. Bg5+ Kf3 44. Bf4 Ke4 45. Rxh7 d3 46. Rd7 Rd4 47.
Rxd4+ Kxd4 48. Kd2 Ke4 49. Kc3 d2 50. Bxd2 Kf3 51. Bf4 g5 52. Bxg5 Kxg3 53. h4
f4 54. Bxf4+ Kxh4 1/2-1/2

[Event "XXV OOM - Mistrzostwa Polski Juniorow Mlodszych - Dziewczeta do lat 12"]
[Site "Sielpia"]
[Date "1899-12-30"]
[Round "4.21"]
[White "Para, Aleksandra"]
[Black "Pietryk, Joanna"]
[Result "0-1"]
[WhiteTitle "II+"]
[BlackTitle "I"]
[WhiteElo "1034"]
[BlackElo "1110"]

1. e4 c5 2. Nf3 d6 3. d4 cxd4 4. Nxd4 Nf6 5. Nc3 a6 6. Be3 e5 7. Nb3 Be6 8. f3
Nbd7 9. Qd2 b5 10. g4 Nb6 11. Qf2 Nc4 12. O-O-O Qc7 13. h4 Rc8 14. Bd3 Be7 15.
h5 Nd7 16. g5 Ndb6 17. Bxc4 Nxc4 18. Rh2 Qc6 19. Kb1 a5 20. Rg2 a4 21. Nc1 a3
22. N1e2 Nxe3 23. Qxe3 b4 24. Rc1 bxc3 25. Qxc3 axb2 26. Qxc6+ Rxc6 27. Kxb2 Kd7
28. Ra1 Rb8+ 29. Kc1 d5 30. a4 d4 31. Kd1 Rbc8 32. Ng1 f5 33. g6 h6 34. a5 fxe4
35. fxe4 Rf8 36. Kd2 Bb4+ 37. Kc1 Rf1+ 38. Kb2 Bc3+ 39. Ka3 Rxa1# 0-1

[Event "XXV OOM - Mistrzostwa Polski Juniorow Mlodszych - Dziewczeta do lat 12"]
[Site "Sielpia"]
[Date "1899-12-30"]
[Round "4.25"]
[White "Prawucka, Zofia"]
[Black "Nowak, Zuzanna"]
[Result "0-1"]
[WhiteTitle "II"]
[BlackTitle "I"]
[WhiteElo "1088"]
[BlackElo "1081"]

1. e4 e5 2. Nf3 Nc6 3. Bc4 Nf6 4. Ng5 d5 5. exd5 Nd4 6. d6 Qxd6 7. Nxf7 Qc6 8.
Nxe5 Qxg2 9. Rf1 Qe4+ 10. Be2 Nxc2+ 11. Qxc2 Qxc2 12. Nc3 Qf5 13. Nf3 Bd7 14.
d3 O-O-O 15. Be3 Bb4 16. a3 Bd6 17. Ng5 Rhf8 18. b4 Rde8 19. Kd2 Bf4 20. Nf3 Bxe3+
21. fxe3 Qe6 22. e4 a6 23. a4 Kb8 24. Rfb1 Qb6 25. a5 Qf2 26. b5 axb5 27. Nxb5
Nd5 28. a6 Bxb5 29. Rxb5 Qe3+ 30. Kc2 Qxe2+ 31. Nd2 Ne3+ 32. Kc3 Nd1+ 33. Kc2
Ne3+ 34. Kc3 c6 35. Rxb7+ Ka8 36. Rxg7 Nd5+ 37. Kc2 Nb4+ 38. Kc3 Qxd3+ 39. Kxb4
Qd4+ 40. Nc4 Qxg7 41. Nb6+ Ka7 42. Rc1 Qb2+ 43. Ka5 Qb5# 0-1

[Event "XXV OOM - Mistrzostwa Polski Juniorow Mlodszych - Dziewczeta do lat 12"]
[Site "Sielpia"]
[Date "1899-12-30"]
[Round "4.26"]
[White "Wiszniewska, Julia"]
[Black "Makarec, Anna"]
[Result "1-0"]
[WhiteTitle "I"]
[BlackTitle "II+"]
[WhiteElo "1082"]
[BlackElo "1071"]

1. e4 e5 2. Nf3 Nc6 3. Bc4 Nf6 4. d3 Bc5 5. O-O d6 6. c3 a6 7. Bb3 Be6 8. Bc2 Ba7
9. d4 Bd7 10. Re1 O-O 11. h3 Re8 12. Be3 exd4 13. cxd4 Nxe4 14. d5 Nb8 15. Bxa7
Rxa7 16. Bxe4 Qf6 17. Nc3 Qf4 18. Qd4 Qf6 19. Qxa7 b6 20. Bxh7+ Kxh7 21. Rxe8
Bxe8 22. Qxb8 Bd7 23. Qxc7 Bf5 24. Qxb6 a5 25. Qe3 a4 26. Ng5+ Kg6 27. Nce4 Bxe4
28. Nxe4 Qxb2 29. Qg5+ Kh7 30. Qh4+ Kg8 31. Re1 Qxa2 32. Nf6+ gxf6 33. Re8+ Kg7
34. Qg4+ Kh7 35. Qh5+ Kg7 36. Qh8+ Kg6 37. Rg8+ Kf5 38. Qh5+ Ke4 39. Rg4+ Kd3
40. Rg3+ Kd2 41. Qh6+ Kc2 42. Qxf6 Qb1+ 43. Kh2 Qb2 44. Qxb2+ Kxb2 45. h4 a3 46.
Rxa3 Kxa3 47. h5 Kb4 48. h6 Kc5 49. h7 Kxd5 50. h8=Q Kc5 51. Qf8 f6 52. Qxf6 d5
53. Qc3+ Kd6 54. Qd4 Kc6 55. Kg3 Kb7 56. Qxd5+ Ka7 57. Qb5 Ka8 58. Kf4 Ka7 59.
Ke5 Ka8 60. Kd6 Ka7 61. Kc7 Ka8 62. Qb7# 1-0

[Event "XXV OOM - Mistrzostwa Polski Juniorow Mlodszych - Dziewczeta do lat 12"]
[Site "Sielpia"]
[Date "1899-12-30"]
[Round "5.1"]
[White "Siekanska, Maria"]
[Black "Szopa, Emilia"]
[Result "1/2-1/2"]
[WhiteTitle "I+"]
[BlackTitle "I+"]
[WhiteElo "1509"]
[BlackElo "1470"]

1. d4 Nf6 2. c4 c5 3. d5 b5 4. cxb5 a6 5. bxa6 Bxa6 6. Nc3 d6 7. e4 Bxf1 8. Kxf1
g6 9. g3 Bg7 10. Kg2 O-O 11. Nf3 Nbd7 12. Re1 Ng4 13. Bf4 Qa5 14. Qd2 Rfb8 15.
a4 Qb4 16. Rab1 Nge5 17. Nxe5 Nxe5 18. Bxe5 Bxe5 19. Qc2 Qb3 20. Qe2 Bxc3 21.
bxc3 Qxc3 22. Qg4 Rxb1 23. Rxb1 Rxa4 24. Qc8+ Kg7 25. Rb8 Qd4 26. Qh8+ Kh6 27.
Qf8+ Kh5 28. Qxe7 Qxe4+ 29. Qxe4 Rxe4 30. Rd8 Rd4 31. Rxd6 Kg5 32. Rd8 Kf6 33.
Rd7 h5 34. Kf3 Ke5 35. Rxf7 Rxd5 36. Ke3 Rd6 37. Rc7 Kd5 38. Kd3 Rf6 39. f4 Ra6
40. Rd7+ Rd6 41. Rxd6+ Kxd6 42. Kc4 Kc6 43. h3 Kd6 44. g4 h4 45. f5 gxf5 46. gxf5
Ke5 47. Kxc5 Kxf5 48. Kd5 Kf4 49. Kd4 Kg3 50. Ke3 Kxh3 51. Kf3 Kh2 52. Kf2 h3
53. Kf1 Kg3 54. Kg1 h2+ 55. Kh1 Kh3 1/2-1/2

[Event "XXV OOM - Mistrzostwa Polski Juniorow Mlodszych - Dziewczeta do lat 12"]
[Site "Sielpia"]
[Date "1899-12-30"]
[Round "5.2"]
[White "Kulczycka, Zofia"]
[Black "Bar, Klaudia"]
[Result "0-1"]
[WhiteTitle "II+"]
[BlackTitle "I"]
[WhiteElo "1222"]
[BlackElo "1449"]

1. d4 Nf6 2. c4 g6 3. Nc3 Bg7 4. e4 d6 5. Bf4 O-O 6. Bd3 Nc6 7. Nf3 Nxd4 8. Nxd4
e5 9. Bg5 exd4 10. Ne2 h6 11. Bh4 g5 12. Bg3 Nh5 13. h4 Nxg3 14. Nxg3 g4 15. Qe2
Re8 16. O-O-O f5 17. f3 Re5 18. Qd2 fxe4 19. Bxe4 Rc5 20. Kb1 c6 21. Bc2 Qb6 22.
Qd3 Be6 23. fxg4 Rd8 24. Qh7+ Kf8 25. Rdf1+ Bf7 26. Bg6 Rd7 27. Nh5 Rxh5 28. Bxh5
d3 29. Kc1 Qxb2+ 30. Kd1 Qc2+ 31. Ke1 Qe2# 0-1

[Event "XXV OOM - Mistrzostwa Polski Juniorow Mlodszych - Dziewczeta do lat 12"]
[Site "Sielpia"]
[Date "1899-12-30"]
[Round "5.3"]
[White "Pawicka, Magdalena"]
[Black "Salamon, Julia"]
[Result "1-0"]
[WhiteTitle "I"]
[BlackTitle "I"]
[WhiteElo "1748"]
[BlackElo "1287"]

1. c4 e5 2. Nc3 Nf6 3. g3 Be7 4. Bg2 O-O 5. e3 d6 6. Nge2 c6 7. d4 exd4 8. exd4
Bf5 9. O-O Nbd7 10. b4 Qc8 11. Qb3 a6 12. a4 Qc7 13. Ba3 Rfb8 14. b5 Bd3 15. Rfc1
Rc8 16. Nf4 Bf5 17. Bb2 h6 18. Na2 a5 19. Nc3 Qb6 20. Nce2 Qc7 21. Rc3 Ne4 22.
Re3 Ndf6 23. f3 Ng5 24. bxc6 Qxc6 25. Rxe7 b6 26. Rc1 Kf8 27. Re3 Qb7 28. Ba3
Qb8 29. Qb5 Bd7 30. Qb3 Bf5 31. Nc3 Ne6 32. Nxe6+ Bxe6 33. Nb5 Rd8 34. Qc3 Qc8
35. Nxd6 Qd7 36. Nb7+ Kg8 37. Nxd8 Rxd8 38. d5 Bf5 39. Be7 Re8 40. Bxf6 Rxe3 41.
Qxe3 gxf6 42. Qb3 Qd6 43. Kh1 Qc5 44. Qb5 Qe3 45. Qb2 Qc5 46. Qxf6 Qe3 47. Qb2
Kf8 48. Ra1 Kg8 49. Qf6 Bg6 50. d6 Qe8 51. Qe7 Qxe7 52. dxe7 f5 53. Re1 Be8 54.
Bh3 1-0

[Event "XXV OOM - Mistrzostwa Polski Juniorow Mlodszych - Dziewczeta do lat 12"]
[Site "Sielpia"]
[Date "1899-12-30"]
[Round "5.4"]
[White "Seemann, Pola"]
[Black "Szczotka, Klara"]
[Result "1/2-1/2"]
[WhiteTitle "II+"]
[BlackTitle "I++"]
[WhiteElo "1229"]
[BlackElo "1638"]

1. d4 Nf6 2. Nf3 e6 3. e3 b6 4. Bd3 Bb7 5. O-O d5 6. b3 Nbd7 7. Bb2 c5 8. Nbd2
Be7 9. Qe2 O-O 10. e4 dxe4 11. Nxe4 Nd5 12. Qd2 Nb4 13. Rfe1 Nxd3 14. Qxd3 Nf6
15. Ng3 Rc8 16. c4 Bxf3 17. gxf3 cxd4 18. Qxd4 Rc7 19. Ne4 Rd7 20. Qe3 Rd3 21.
Qf4 Nxe4 22. fxe4 Bg5 23. Qg4 f5 24. exf5 exf5 25. Qe2 Rf7 26. Rad1 Rxd1 27. Rxd1
Qe7 28. Qf3 Qe4 29. Qxe4 fxe4 30. Rd5 Bh4 31. Bd4 Bf6 32. Bxf6 gxf6 33. b4 Rc7
34. c5 bxc5 35. bxc5 Kf7 36. Kf1 Ke6 37. Rh5 f5 38. Rh6+ Ke5 39. a4 Rxc5 40. Rxh7
Ra5 41. Rg7 Kf6 42. Rg8 Rxa4 43. h4 e3 44. h5 Rh4 45. Rh8 exf2 46. Kxf2 a5 47.
Ra8 a4 48. h6 Kg6 49. Ra6+ Kh7 50. Kg3 Rb4 51. Kf3 Rc4 52. Ke3 Rh4 53. Kf3 Rb4
54. Ke3 f4+ 55. Kf3 Rc4 56. Kg4 Rb4 57. Kf3 Rd4 58. Kg4 Rc4 59. Kf3 1/2-1/2

[Event "XXV OOM - Mistrzostwa Polski Juniorow Mlodszych - Dziewczeta do lat 12"]
[Site "Sielpia"]
[Date "1899-12-30"]
[Round "5.5"]
[White "Pudelko, Magdalena"]
[Black "Mazurek, Maja"]
[Result "1-0"]
[WhiteTitle "I"]
[BlackTitle "I"]
[WhiteElo "1371"]
[BlackElo "1283"]

1. e4 d5 2. exd5 Qxd5 3. Nc3 Qa5 4. d4 Nf6 5. Nf3 c6 6. Bc4 Bg4 7. h3 Bh5 8. g4
Bg6 9. Ne5 e6 10. h4 Bb4 11. Bd2 h6 12. Nxg6 fxg6 13. Qe2 Qc7 14. Qxe6+ Qe7 15.
O-O-O Nbd7 16. Rde1 Kd8 17. Re2 Qxe6 18. Bxe6 Kc7 19. Nb5+ cxb5 20. Bxb4 Rhe8
21. Rhe1 Rad8 22. d5 b6 23. d6+ Kc6 24. Bxd7+ Kxd7 25. Re7+ Kc6 26. R1e6 Kd5 27.
Re5+ Kc4 28. Rc7+ Kxb4 29. a3+ Ka5 30. Rxa7# 1-0

[Event "XXV OOM - Mistrzostwa Polski Juniorow Mlodszych - Dziewczeta do lat 12"]
[Site "Sielpia"]
[Date "1899-12-30"]
[Round "5.6"]
[White "Ziobrowska, Maja"]
[Black "Grzesik, Nikola"]
[Result "1-0"]
[WhiteTitle "II+"]
[BlackTitle "I"]
[WhiteElo "1134"]
[BlackElo "1339"]

1. e4 c5 2. c4 e6 3. Nc3 a6 4. g3 Qc7 5. Bg2 Nc6 6. Nge2 d6 7. d3 Nf6 8. O-O Be7
9. h3 O-O 10. Be3 Rb8 11. Qd2 b6 12. f4 Bb7 13. Rf2 Nd7 14. Raf1 Ba8 15. g4 Na5
16. f5 Bh4 17. Rf4 exf5 18. exf5 Bxg2 19. Kxg2 Ne5 20. Nd5 Qb7 21. Kg1 Rfe8 22.
f6 Bg5 23. fxg7 Nac6 24. Nf6+ Bxf6 25. Rxf6 Re7 26. Bh6 Rbe8 27. Ng3 Nd4 28. Nh5
Nef3+ 29. R6xf3 Nxf3+ 30. Kf2 Re6 31. Qf4 Nh4 32. Kg3 Ng6 33. Nf6+ Rxf6 34. Qxf6
Re3+ 35. Bxe3 Qc7 36. Bh6 Qb8 37. Qxf7# 1-0

[Event "XXV OOM - Mistrzostwa Polski Juniorow Mlodszych - Dziewczeta do lat 12"]
[Site "Sielpia"]
[Date "1899-12-30"]
[Round "5.7"]
[White "Niedorys, Karolina"]
[Black "Lazniewska, Zofia"]
[Result "1/2-1/2"]
[WhiteTitle "II"]
[BlackTitle "I"]
[WhiteElo "1129"]
[BlackElo "1288"]

1. e4 c5 2. Nf3 Nc6 3. d4 cxd4 4. Nxd4 g6 5. c4 Bg7 6. Be3 Nf6 7. Nc3 Ng4 8. Qxg4
Bxd4 9. Bxd4 Nxd4 10. Qd1 e5 11. Bd3 d6 12. O-O O-O 13. Nd5 h5 14. Qd2 Kg7 15.
f4 Be6 16. Qe3 Bxd5 17. exd5 f6 18. c5 Qd7 19. cxd6 Qxd6 20. Qe4 Nf5 21. Kh1 Rad8
22. Rac1 Qxd5 23. Rc7+ Kh8 24. Qxd5 Rxd5 25. Bxf5 gxf5 26. Rxb7 Rd2 27. g3 e4
28. Re1 Rc8 29. Rxa7 Rxb2 30. Kg1 Rcc2 31. Rd1 Rg2+ 32. Kf1 Rgf2+ 33. Kg1 Rg2+
34. Kf1 Rbf2+ 35. Ke1 Re2+ 36. Kf1 Ref2+ 37. Ke1 Re2+ 38. Kf1 Rgf2+ 39. Kg1 Rg2+
40. Kf1 Ref2+ 41. Ke1 1/2-1/2